01537nam a2200241Ia 450000100060000000300090000600800410001504000130005604000130006904100130008210000170009510000290011224500910014124500910023225000110032326000090033426000080034326000490035130000430040050008000044365000210124365000310126460999IT-RoPAU130308s9999 xx 000 0 und d aIT-RoPAU cIT-RoPAU aITALIANO aMidali Mario gCodice Aut. SPICS: 22216 aTeologia pastorale o pratica-Cammino storico di una riflessione fondante e scientifica bTeologia Pastorale o Pratica-Cammino Storico di una Riflessione fondante e Scientifica a2a ed. aROMA bLas c1991 [1° Ed.:1985 - Ed.Ling.Originale:1985] a"642 p. (prefazione: no ; testo: 642)" aStoria della Teologia Pastorale Origine e Sviluppi della Teologia Pastorale Cattolica Teologia Pratica nel Protestantesimo Apporto Critico di Anton Graf Pastorale D'Insieme Magistero Pastorale del Concilio Vaticano Ii Attuali correnti e Progetti in Ambito Europeo Prospettiva Ecclesiologica dell'Handbuch Comunità€ e Chiesa del futuro Secondo Klostermann Teologia del cambio Ecclesiale Secondo Liege' Formazione clinica del Pastore Teologia Pratica Come Scienza dell'Azione Attuali correnti e Progetti in Ambito Nordamericano Teologia Nera Americana e delle Altre minoranze Teologia Pastorale nel Contesto della Teologia Latinoamericana della liberazione Teologie Africane Orientamenti Teologico Pastorali Emergenti Teologie Asiatiche per una Proposta Aggiornata di Teologia Pastorale o Pratica aTEORIA PASTORALE eCodice materia Spics: 9301